000 00690nam a2200217 i 4500
001 134534
003 ES-MaACL
005 20250814230646.0
007 t|
008 070911s1977 sp ||||1| spa d
100 1 _aWeber, Max.
_9116265
245 1 0 _aSobre la teoría de las ciencias sociales /
_cMax Weber ; [traducción de Michael Faber-Kaiser].
250 _a[3ª ed.].
260 _a[Barcelona] :
_bPenínsula,
_c1977.
300 _a161 p. ;
_c19 cm.
490 1 _aCiencias sociales. Sociología
700 0 _aFaber-Kaiser, Michael.
_948510
830 0 0 _aCiencias sociales.
_pSociología
_9181951
852 _aES-MaACL
_jA-7846
_bR.96980
999 _c134534
_d134534